Quizzes
Events
Quiz Creation
Community
Videos
Private Events
Remove Ads
Sign In
Join for FREE
Feedback
Dark Mode
Quiz Categories
Sports
Geography
Music
Movies
Television
Just For Fun
Miscellaneous
History
Literature
Language
Science
Gaming
Entertainment
Religion
Holiday
For Kids
Quiz Lab
Recent
Popular Today
Quiz Kudos Today
Editor Picks
Curator Picks
Quizzes by...
Day
Popularity
Type
Ratings
Length
Year
Community
Subscriptions
Recent Discussions
Orange Saloon
Badges
Playlists
Quests
Create
Leaderboards
Showdown
Live 5
Trivia Bingo
Activity
Puzzle Library
Sporcle Events
Private Events
Virtual Trivia
Globe League
Become a Host
Pub Owners
SporcleCon
Opinionation
Our Games
Videos
Blog
Mobile Apps
Partnerships
Remove Ads and Go Orange
Feedback
Entertainment
Celebrity
Famous
Musical
Broadway
Show
Quote
Comic Books
Anime
Superhero
DC Comics
Marvel
Cartoons
Animation
Entertainment
Celebrity
Famous
Musical
Broadway
Show
Quote
Comic Books
Anime
Superhero
DC Comics
Marvel
Cartoons
Animation
Random Quiz
Search Sporcle
×
Quiz Lab
Quiz Lab
Entertainment
Musical
Type in answers that appear in a list
Type in answers that appear in a list
Classic
Best Score? Go Orange.
Hamilton's Death Monologue Stats
Can you name the words to Hamilton's Death Monologue?
By
amazing_antelope
7m
222 Questions
627 Plays
627 Plays
627 Plays
Comments
Comments
Give Quiz Kudos
Give Quiz Kudos
-
- Ratings
hide this ad
More Info
Replay
Link that replays current quiz
Next Quiz
Link to next quiz in quiz playlist
You Got
0%
They Got
Avg Score
82%
Avg Friend Score
Upgrade to see
Score Distribution
Jump to the score distribution portion of the page
Score
0/222
Timer
07:00
0
Plays Today
Hint
Answer
% Correct
I'm
95.1%
I'm
95.1%
me?
94.4%
me.
94.4%
me?
94.4%
me.
94.4%
me.
94.4%
me
94.4%
me
94.4%
it
94.1%
it
94.1%
it
94.1%
it
94.1%
so
93.9%
a
93.6%
the
93.6%
a
93.6%
a
93.6%
the
93.6%
a
93.6%
a
93.6%
a
93.6%
and
93.6%
and
93.6%
a
93.6%
the
93.6%
a
93.6%
the
93.6%
the
93.6%
the
93.6%
the
93.6%
the
93.6%
a
93.6%
I
93.5%
I
93.5%
I
93.5%
I
93.5%
I
93.5%
I
93.5%
I
93.5%
is
93.1%
is
93.1%
is
93.1%
is
93.1%
is
93.1%
is
93.1%
is
93.1%
my
92.5%
my
92.5%
my
92.5%
my
92.5%
my
92.5%
my
92.5%
my
92.5%
My
92.5%
my
92.5%
My
92.5%
death
92.2%
On
91.5%
on
91.5%
on
91.5%
on
91.5%
on
91.5%
like
91.1%
imagine
90.9%
of
90.6%
get
90.6%
of
90.6%
of
90.6%
of
90.6%
much
90.1%
memory-
90.1%
this
89.8%
see
89.8%
Hint
Answer
% Correct
see.
89.8%
this
89.8%
this
89.8%
see!
89.8%
see
89.8%
feels
89.3%
be?
89.2%
where
88.8%
feet,
88.8%
feet
88.8%
where
88.8%
you
88.7%
you
88.7%
you
88.7%
You
88.7%
You
88.7%
you
88.7%
or
87.7%
or
87.7%
run
87.1%
ahead
86.8%
to
86.8%
to
86.8%
to
86.8%
more
86.6%
gets
86%
let
85.8%
let
85.8%
do
85.6%
son
85%
What
83.6%
What
83.6%
in
83.1%
other
83.1%
other
83.1%
other
83.1%
other
83.1%
other
83.1%
other
83.1%
legacy-
82.9%
legacy?
82.9%
legacy?
82.9%
side.
82.9%
side.
82.9%
side.
82.9%
side.
82.9%
side!
82.9%
side.
82.9%
up!
81.7%
up!
81.7%
up!
81.7%
up.
81.7%
up!
81.7%
up!
81.7%
up!
81.7%
how
81.5%
how
81.5%
time,
81.3%
time.
81.3%
several
81.2%
gun
81.2%
Burr,
80.7%
friend,
80.7%
no
80.2%
no
80.2%
for
80.2%
for
80.2%
enemy.
80.1%
never
80.1%
It's
79.9%
planting
79.7%
rise
79.7%
Rise
79.7%
Rise
79.7%
Hint
Answer
% Correct
Rise
79.7%
garden
79.6%
seeds
79.4%
If
79.3%
if
79.3%
America,
79.3%
coming,
78.1%
first
77.8%
great
77.8%
fire
77.7%
Washington
77.5%
Eliza!
77.4%
unfinished
76.9%
Laurens
76.9%
last
76.7%
mother
76.6%
will
76.4%
symphony!
76.2%
face
76.1%
remember
75.9%
shot,
75.6%
There
75.3%
melody.
75.3%
ever
74.8%
away
74.8%
beat,
74.5%
can
74.5%
throw
74.2%
Eyes
73.8%
out
72.9%
running
72.7%
running
72.7%
wrote
72.2%
bullet
71.8%
orphan
71.8%
Maybe
71.6%
some
71.5%
sing
71.5%
watching
70.8%
love,
70.7%
with
70.5%
song
70.3%
sent
70.2%
immigrants
69.7%
from
69.7%
I'll
69.5%
place
69.4%
take
69.4%
even
69.2%
time's
69.2%
your
69.2%
make
68.9%
Wise
68.9%
catch
68.9%
glimpse
68.7%
leads
68.6%
Teach
67.8%
say
67.5%
difference,
67.3%
goodbye.
67.1%
He's
66.7%
someone
66.5%
soldier's
65.9%
Raise
65.7%
at
65.4%
chorus
64.9%
notes
64.8%
their
64.3%
leave
64.1%
glass
64.1%
freedom...
63.6%
beginning
62.4%
fingerprints
62.2%
[HAMILTON]
19.3%
Quiz Playlist
Details
Report
Send in Message
Add To Playlist
More Info:
Type "start" to begin! (Saddest monologue EVER!!!)😖
Classic:
Type in answers that appear in a list
Last Updated: Mar 30, 2017
Quiz Scoreboard
CHALLENGE
Sign Up to Join the Scoreboard
Show All
Scores
Hide
Comments
May contain spoilers
Recently Published
Presidents Visiting Landmarks
by Hejman
History
7m
An Introduction to Baseball
by treessimontrees
Sports
5m
Movies - When Are They Set?
by FPL_Elf
Movies
5m
More to Explore
Quiz From the Vault
Featured Blog Post
Where Did the Easter Bunny Come From?
hide this ad
You Might Also Like...
Tags
Broadway Quiz
Musical Quiz
Cry
Hamilton
Lin-Manuel Miranda
Musical Theater
Original Broadway
Today's Top Quizzes in Entertainment
Browse Entertainment
hide this ad
Today's Top Quizzes in Musical
Browse Musical
Top Contributed Quizzes in Entertainment
1
7-to-1: DC Comics Villains
2
Marvel Characters Bunker
3
Eurovision 2023 Logic Puzzle
4
Kamen Rider Motifs
5
Dragon Ball Z: Goku's Fights in Order
6
Criteria Quickie: Cartoon Taxonomy II
7
Fictional Villains Letter U Blitz
8
Dragon Ball Z: Mega Character Search
9
Sorting Pictures: Villains
10
Mini Trivia Sudoku: Musicals
Explore More
Trending Topics
Anime
Kpop
Harry Potter
Marvel
NBA
Disney
Crossword
WWE
Pokémon
Soccer
Country
Puzzle
NFL
The Office
Song
hide this ad
More By:
amazing_antelope
Quiz
Plays
Rating
Category
Featured
Created
Story of Tonight (Reprise) Lyrics: Clickable
2,689
1.00
Music
Feb 19, 2017
Guess the 'Hamilton' Lyrics w/out Hints!
1,125
1.80
Entertainment
Feb 10, 2017
Hamilton's Death Monologue
627
5.00
Entertainment
Feb 12, 2017
'What'd I Miss' Lyrics: Part I
570
3.00
Entertainment
Mar 3, 2017
'What'd I Miss' Lyrics: Part II
348
5.00
Entertainment
Mar 3, 2017
Go to Creator's Profile
Score Distribution
Quiz Creator Spotlight
amazing_antelope
Follow
Send a Message
Quizzes Created
-
Created Quiz Play Count
-
More By This Creator
Popular Quizzes Today
1
Find the US States - No Outlines Minefield
2
Find the Countries of Europe - No Outlines Minefield
3
The Countries of the World
4
Find the US States
5
Popular People in 1961
6
US States
7
Risky Map Clicking: Biggest States A-Z
8
Movies - When Are They Set?
More Entertainment Quizzes
Reddit Default Subreddits
Quiz Lab
Trending Quizzes
Risky Map Clicking: Least Populous States A-Z
1-10 Letter G Words
1-10 Letter F Words
Risky Map Clicking: Next State Alphabetically
Risky Map Clicking: Biggest States A-Z
Recently Updated
Leaping Animals
pecheneg
Reality TV Shows (A-Z)
bhenderson79
Rickey Henderson's Hall of Fame Teammates
pecheneg
Champions League XIs: Arsenal
pecheneg
Quick Pick: Celebrities in WWE's Hall of Fame
aduchscher
A-Z Keypad Blitz II
pecheneg
Multiple Oscar Actors
pecheneg
Mystery Phrase Blitz: Oscar 'Best Actors'
pecheneg
F. Scott Fitzgerald Novels
LTH
Pick 3 Villains
ddd62291
Trending Topics
NBA
Marvel
Anime
Harry Potter
Kpop
Disney
Crossword
Song
Puzzle
Pokémon
Soccer
WWE
The Office
NFL
Country
Your Account Isn't Verified!
In order to create a playlist on Sporcle, you need to verify the email address you used during registration. Go to your
Sporcle Settings
to finish the process.
Report this User
Report this user for behavior that violates our
Community Guidelines
.
Details:
Send Report
Go to the Sporcle.com Mobile Site →
Comments